Physics in context (Record no. 81908)

MARC details
000 -LEADER
fixed length control field 00712nam a2200169 a 4500
008 - FIXED-LENGTH DATA ELEMENTS--GENERAL INFORMATION
fixed length control field 161220s2013 ||||||||||||||||| || u
020 ## - INTERNATIONAL STANDARD BOOK NUMBER
International Standard Book Number 9781408515211
050 ## - LIBRARY OF CONGRESS CALL NUMBER
Classification number QC 21.2 Bre
100 ## - MAIN ENTRY--PERSONAL NAME
Personal name Breithaupt, Jim
245 10 - TITLE STATEMENT
Title Physics in context
Statement of responsibility, etc. by Jim Breithaupt
260 ## - PUBLICATION, DISTRIBUTION, ETC.
Place of publication, distribution, etc. Cheltenham
Name of publisher, distributor, etc. Nelson Thornes
Date of publication, distribution, etc. 2013
300 ## - PHYSICAL DESCRIPTION
Extent vii, 442p.:ill.
350 ## -
-- 0.00
650 #0 - SUBJECT ADDED ENTRY--TOPICAL TERM
Topical term or geographic name entry element PHYSICS
995 ## -
-- MAIN LIBRARY OPEN ACCESS
-- 747174
-- CBU-MAIN LIBRARY (Kitwe)
-- 0.00
-- QC 21.2 Bre
-- 1
-- AVAILABLE
-- Dec 20, 2016
-- 747174
-- Main Library Open Access Collection
995 ## -
-- MAIN LIBRARY OPEN ACCESS
-- 747175
-- CBU-MAIN LIBRARY (Kitwe)
-- 0.00
-- QC 21.2 Bre
-- 2
-- AVAILABLE
-- Dec 20, 2016
-- 747175
-- Main Library Open Access Collection
999 ## -
-- 81908
-- 81908
Holdings
Withdrawn status Lost status Source of classification or shelving scheme Damaged status Not for loan Permanent Location Current Location Shelving location Date acquired Total Checkouts Full call number Barcode Date last seen Date last checked out Copy number Price effective from Koha item type
          CBU-MAIN LIBRARY, KITWE. CBU-MAIN LIBRARY, KITWE.   09/12/2023 1 QC 21.2 Bre 747174 03/03/2025 02/20/2025 1 09/12/2023 MONOGRAPH
          CBU-MAIN LIBRARY, KITWE. CBU-MAIN LIBRARY, KITWE.   09/12/2023 4 QC 21.2 Bre 747175 05/14/2025 04/30/2025 2 09/12/2023 MONOGRAPH